[Event "I Festival A"]
[Site "Forni di Sopra ITA"]
[Date "2011.06.12"]
[Round "1"]
[White "Altini, Nicola"]
[Black "Matamoros Franco, Carlos S."]
[WhiteElo "2206"]
[BlackElo "2542"]
[Result "0-1"]
[PlyCount "118"]
[EventDate "2011.06.12"]

1. d4 Nf6 2. c4 c5 3. Nf3 cxd4 4. Nxd4 e5 5. Nb5 d5 6. cxd5 Bc5 7. e3 O-O 8.
N5c3 e4 9. Be2 Qe7 10. O-O Rd8 11. Nd2 Bf5 12. Nb3 Bb4 13. Nd4 Bg6 14. Qb3 Nbd7
15. Ncb5 Bc5 16. Bd2 a6 17. Nc7 Rab8 18. Nxa6 bxa6 19. Nc6 Qd6 20. Qc2 Qxd5 21.
Nxd8 Rxd8 22. Ba5 Rf8 23. b4 Bd6 24. Rfd1 Qe5 25. g3 Qe7 26. Qd2 Bb8 27. b5 Qe6
28. Bb4 Re8 29. Bd6 Ne5 30. Bxe5 Bxe5 31. Rac1 axb5 32. Bxb5 Rf8 33. a4 h5 34.
a5 h4 35. a6 Bh5 36. Re1 Bf3 37. a7 Qb6 38. Qa2 hxg3 39. fxg3 Ra8 40. Qa6 Qxa6
41. Bxa6 Rxa7 42. Be2 Ra2 43. Bxf3 exf3 44. Rf1 Rg2+ 45. Kh1 Ng4 46. Rxf3 Rxh2+
47. Kg1 Re2 48. Rc8+ Kh7 49. Rxf7 Rxe3 50. Rcf8 Rxg3+ 51. Kf1 Bf6 52. Rb7 Kg6
53. Rc8 Ne5 54. Rc2 Ng4 55. Rc8 Kf5 56. Rc5+ Ke4 57. Rc4+ Kf3 58. Rcb4 Ne3+ 59.
Ke1 Rg1+ 0-1

[Event "I Festival A"]
[Site "Forni di Sopra ITA"]
[Date "2011.06.12"]
[Round "1"]
[White "Andersen, Alf R."]
[Black "Papp, Gabor"]
[WhiteElo "2218"]
[BlackElo "2553"]
[Result "0-1"]
[PlyCount "86"]
[EventDate "2011.06.12"]

1. e4 c5 2. Nf3 d6 3. d4 cxd4 4. Nxd4 Nf6 5. Nc3 a6 6. Be3 e5 7. Nb3 Be7 8. f3
Be6 9. g4 d5 10. g5 d4 11. gxf6 Bxf6 12. Bf2 dxc3 13. Qxd8+ Bxd8 14. bxc3 Nd7
15. O-O-O Rc8 16. Kb2 Rc6 17. Be2 Bb6 18. Bg3 Ke7 19. f4 exf4 20. Bh4+ f6 21.
Nd4 Rhc8 22. Nxe6 Rxe6 23. Bg4 g5 24. Bxe6 Kxe6 25. Be1 Ne5 26. Kb3 g4 27. Rf1
f3 28. Bg3 Nc4 29. h3 h5 30. Rh1 Bc7 31. Kxc4 Bxg3+ 32. Kd3 Be5 33. hxg4 hxg4
34. c4 Bf4 35. e5 f5 36. Kc3 Bxe5+ 37. Kd3 Bf4 38. Rde1+ Kf6 39. Kc3 f2 40. Re2
g3 41. Rb1 b5 42. Kd4 Rxc4+ 43. Kd5 Re4 0-1

[Event "I Festival A"]
[Site "Forni di Sopra ITA"]
[Date "2011.06.12"]
[Round "1"]
[White "Antoniewski, Rafal"]
[Black "Barletta, Mauro"]
[WhiteElo "2598"]
[BlackElo "2265"]
[Result "1-0"]
[PlyCount "87"]
[EventDate "2011.06.12"]

1. e4 d5 2. exd5 Qxd5 3. Nc3 Qa5 4. d4 Nf6 5. Nf3 Bg4 6. h3 Bh5 7. g4 Bg6 8.
Ne5 e6 9. h4 Bb4 10. Bd2 Qb6 11. h5 Be4 12. Nxe4 Nxe4 13. c3 Nxd2 14. Qxd2 Bd6
15. Nc4 Qc6 16. Nxd6+ cxd6 17. d5 Qxd5 18. Qxd5 exd5 19. O-O-O Nc6 20. Rxd5
O-O-O 21. Rf5 Rhf8 22. g5 Rde8 23. Bc4 Re5 24. Bd3 g6 25. hxg6 hxg6 26. Rf6
Rxg5 27. f4 Rg3 28. Bc4 Nd8 29. Rxd6 Ne6 30. Bxe6+ fxe6 31. Rxe6 Rxf4 32. Rh7
Rf8 33. Kc2 Rg5 34. a4 Rc5 35. Ree7 g5 36. Rxb7 a5 37. Rbg7 Rcf5 38. Rh5 Rf2+
39. Kb3 Rd8 40. Rgxg5 Rdd2 41. Rc5+ Kb7 42. Rb5+ Kc6 43. Ka2 Rc2 44. Rb3 1-0

[Event "I Festival A"]
[Site "Forni di Sopra ITA"]
[Date "2011.06.12"]
[Round "1"]
[White "Banusz, Tamas"]
[Black "Urosevic, Goran"]
[WhiteElo "2555"]
[BlackElo "2226"]
[Result "1-0"]
[PlyCount "53"]
[EventDate "2011.06.12"]

1. Nf3 Nf6 2. c4 g6 3. g3 Bg7 4. Bg2 d5 5. cxd5 Nxd5 6. Nc3 Nxc3 7. bxc3 O-O 8.
O-O c5 9. d4 Qa5 10. Qb3 cxd4 11. Nxd4 Na6 12. Qa3 Qc7 13. Be3 Bg4 14. Rab1
Rab8 15. Nb5 Qc8 16. Bxa7 Bxe2 17. Bxb8 Bxf1 18. Rxf1 Nxb8 19. Qxe7 Nc6 20. Qc5
Qa8 21. Bd5 Qa5 22. Qc4 Ne5 23. Qb3 Nd3 24. Rd1 Nc5 25. Qb4 Qb6 26. a4 Ra8 27.
Bxf7+ 1-0

[Event "I Festival A"]
[Site "Forni di Sopra ITA"]
[Date "2011.06.12"]
[Round "1"]
[White "Bernardi, Ruben"]
[Black "Meijers, Viesturs"]
[WhiteElo "2162"]
[BlackElo "2473"]
[Result "1-0"]
[PlyCount "85"]
[EventDate "2011.06.12"]

1. e4 c5 2. Nf3 e6 3. g3 a6 4. Bg2 b5 5. O-O Bb7 6. Re1 Be7 7. b3 d5 8. exd5
Bxd5 9. Bb2 Nf6 10. a4 b4 11. d3 O-O 12. Ne5 Bxg2 13. Kxg2 Nd5 14. Qg4 Bf6 15.
Nd2 Qc7 16. f4 Nc6 17. Ndc4 Nd4 18. Bxd4 cxd4 19. Qf3 g6 20. Re2 Bg7 21. Rae1
Rad8 22. Rf2 f6 23. Ng4 h5 24. Rxe6 hxg4 25. Qxg4 Qc8 26. f5 gxf5 27. Qxf5 Rf7
28. Kg1 Re7 29. Rd6 Ne3 30. Nxe3 dxe3 31. Qd5+ Kh7 32. Qh5+ Bh6 33. Rfxf6 Rxd6
34. Qg6+ Kh8 35. Qxh6+ Kg8 36. Rxd6 e2 37. Qg5+ Kf8 38. Qf6+ Rf7 39. Rd8+ Qxd8
40. Qxd8+ Kg7 41. Qd4+ Kh7 42. Qh4+ Kg8 43. Qg4+ 1-0

[Event "I Festival A"]
[Site "Forni di Sopra ITA"]
[Date "2011.06.12"]
[Round "1"]
[White "Boscolo, Federico"]
[Black "Leon Hoyos, Manuel"]
[WhiteElo "2233"]
[BlackElo "2563"]
[Result "0-1"]
[PlyCount "56"]
[EventDate "2011.06.12"]

1. e4 c5 2. c3 d6 3. d4 Nf6 4. f3 Nbd7 5. Be3 g6 6. dxc5 dxc5 7. e5 Nxe5 8.
Qxd8+ Kxd8 9. Bxc5 b6 10. Be3 e6 11. a4 Bc5 12. Bf4 Bd6 13. Bg5 Ke7 14. Nd2 Bb7
15. Ne4 Bxe4 16. fxe4 h6 17. Bxf6+ Kxf6 18. O-O-O Rhd8 19. Be2 Ke7 20. h3 Nd7
21. Nf3 Bf4+ 22. Kc2 Nc5 23. Nd4 Rac8 24. Bf3 Be5 25. Nb5 Rxd1 26. Rxd1 a6 27.
Nd4 Nxa4 28. Nb3 Nxc3 0-1

[Event "I Festival A"]
[Site "Forni di Sopra ITA"]
[Date "2011.06.12"]
[Round "1"]
[White "Ceschia, Ivano"]
[Black "Jaracz, Pawel"]
[WhiteElo "2257"]
[BlackElo "2575"]
[Result "1/2-1/2"]
[PlyCount "118"]
[EventDate "2011.06.12"]

1. e4 c6 2. d4 d5 3. e5 Bf5 4. Nf3 e6 5. Be2 Ne7 6. O-O Nd7 7. b3 c5 8. Bb2 Nc6
9. Nbd2 Qb6 10. dxc5 Bxc5 11. a3 a5 12. h3 O-O 13. Bd3 Bxd3 14. cxd3 Rfc8 15.
Ra2 Rc7 16. Qa1 Rac8 17. d4 Be7 18. Re1 Na7 19. Re3 a4 20. bxa4 Qa6 21. Rc3 Qa5
22. Rxc7 Rxc7 23. Qd1 Nb6 24. Qb3 Nxa4 25. Ba1 Qb5 26. Qd1 Rc6 27. Kh2 Nc8 28.
Nb1 Qc4 29. Qd2 Qc1 30. Qxc1 Rxc1 31. Nbd2 Ncb6 32. Ng1 Re1 33. Ndf3 Rd1 34.
Ne2 Rd3 35. Bb2 Nc4 36. Bc1 Bxa3 37. Ne1 Rd1 38. Bxa3 Rxe1 39. Bb4 Rb1 40. Rxa4
Nb6 41. Ra7 Rxb4 42. Rxb7 h6 43. f3 Rb2 44. Rb8+ Kh7 45. Nf4 Nc4 46. Rxb2 Nxb2
47. Kg1 Nd1 48. Ne2 g5 49. g4 f6 50. exf6 Kg6 51. Kg2 Kxf6 52. Kg3 e5 53. dxe5+
Kxe5 54. h4 Ne3 55. hxg5 hxg5 56. f4+ gxf4+ 57. Nxf4 Nf1+ 58. Kf3 Nh2+ 59. Kg3
Nxg4 1/2-1/2

[Event "I Festival A"]
[Site "Forni di Sopra ITA"]
[Date "2011.06.12"]
[Round "1"]
[White "Dvirnyy, Danyyil"]
[Black "Capaliku, Aleks"]
[WhiteElo "2448"]
[BlackElo "2071"]
[Result "1-0"]
[PlyCount "111"]
[EventDate "2011.06.12"]

1. Nf3 d5 2. d4 e6 3. c4 c6 4. Bg5 Nf6 5. Nc3 Nbd7 6. e3 Qa5 7. Nd2 Bb4 8. Qc2
Ne4 9. Ndxe4 dxe4 10. Bh4 g5 11. Bg3 f5 12. h4 g4 13. a3 O-O 14. c5 Nf6 15. Rc1
Bxc3+ 16. Qxc3 Qxc3+ 17. bxc3 b5 18. a4 a6 19. c4 bxc4 20. Bxc4 Nd5 21. a5 Rf7
22. Kd2 Rb7 23. Rb1 Raa7 24. Rb6 Nxb6 25. cxb6 Ra8 26. Rb1 Kf7 27. Bc7 Ke7 28.
Bf4 Rd7 29. Kc3 Bb7 30. Kb4 h5 31. Bb3 Rd5 32. Bxd5 exd5 33. Rc1 Ke6 34. Kc3
Rg8 35. Kd2 Rg6 36. Ke1 Rg8 37. Kf1 Rg6 38. Kg1 Rg8 39. Kh2 Rg6 40. Kg3 Rg8 41.
Bg5 Rc8 42. Rc5 Rg8 43. Kf4 Rg6 44. Rc1 Rg8 45. f3 Rh8 46. Rf1 gxf3 47. gxf3
Rg8 48. fxe4 fxe4 49. Kg3 Rg7 50. Rf6+ Kd7 51. Rh6 Rf7 52. Bf4 Rg7+ 53. Kf2 Rf7
54. Ke1 c5 55. dxc5 d4 56. c6+ 1-0

[Event "I Festival A"]
[Site "Forni di Sopra ITA"]
[Date "2011.06.12"]
[Round "1"]
[White "Gaponenko, Inna"]
[Black "Arnetta, Maria Teresa"]
[WhiteElo "2455"]
[BlackElo "2084"]
[Result "1-0"]
[PlyCount "73"]
[EventDate "2011.06.12"]

1. e4 e6 2. d4 d5 3. exd5 exd5 4. Nf3 Nc6 5. c4 Bg4 6. Be3 dxc4 7. Bxc4 Bb4+ 8.
Nc3 Nf6 9. O-O O-O 10. h3 Bh5 11. g4 Bg6 12. Ne5 Nxe5 13. dxe5 Nd7 14. f4 Bxc3
15. bxc3 Be4 16. e6 Qh4 17. Kh2 Nb6 18. Bxb6 axb6 19. Qe1 Qxe1 20. Rfxe1 Bc6
21. exf7+ Kh8 22. f5 Ba4 23. Re7 Rad8 24. Rae1 h5 25. Rxc7 Bc6 26. Kg3 b5 27.
Bb3 Rd3+ 28. Kf4 Rxc3 29. Kg5 Rd3 30. Kxh5 Kh7 31. Kg5 Rd6 32. Rd1 Rf6 33. h4
Bf3 34. Re1 Bc6 35. Re6 R8xf7 36. Rxf7 Rxf7 37. Rxc6 1-0

[Event "I Festival A"]
[Site "Forni di Sopra ITA"]
[Date "2011.06.12"]
[Round "1"]
[White "Gutierrez Castillo, Paloma"]
[Black "Bruno, Fabio"]
[WhiteElo "2090"]
[BlackElo "2459"]
[Result "0-1"]
[PlyCount "110"]
[EventDate "2011.06.12"]

1. e4 c5 2. Nf3 e6 3. g3 Nc6 4. Bg2 Nf6 5. d3 d6 6. O-O Be7 7. Nc3 O-O 8. h3
Rb8 9. a4 b6 10. Bf4 Bb7 11. e5 Ne8 12. exd6 Bxd6 13. Bxd6 Nxd6 14. Nb5 Nf5 15.
c3 a6 16. Na3 Qc7 17. Qe2 Rbd8 18. Nc4 Rfe8 19. Ng5 b5 20. Na3 b4 21. Nc4 h6
22. Ne4 Nce7 23. Rfd1 Nd5 24. Rac1 bxc3 25. bxc3 Bc6 26. Nxc5 Nxc3 27. Rxc3 Nd4
28. Qe3 Bxg2 29. Kxg2 Qxc5 30. Rcc1 Qd5+ 31. Qe4 Ne2 32. Ra1 Nc3 33. Qxd5 exd5
34. Rdc1 Ne2 35. Ne3 Nxc1 36. Rxc1 d4 37. Nf5 g6 38. Nxh6+ Kg7 39. Ng4 Rc8 40.
Rxc8 Rxc8 41. Kf3 Rc3 42. Ke2 f6 43. Nh2 Ra3 44. Kf3 f5 45. Kf4 Kf6 46. Nf3
Rxa4 47. g4 a5 48. g5+ Ke6 49. Ne5 Ra3 50. h4 a4 51. Nxg6 Rxd3 52. h5 Rh3 53.
h6 a3 54. h7 a2 55. Nf8+ Kf7 0-1

[Event "I Festival A"]
[Site "Forni di Sopra ITA"]
[Date "2011.06.12"]
[Round "1"]
[White "Korneev, Oleg"]
[Black "Tonon, Alessandro"]
[WhiteElo "2573"]
[BlackElo "2242"]
[Result "1-0"]
[PlyCount "71"]
[EventDate "2011.06.12"]

1. e4 c5 2. Nf3 e6 3. d4 cxd4 4. Nxd4 Nc6 5. Nb5 d6 6. Bf4 e5 7. Be3 a6 8. N5c3
Nf6 9. Bg5 Be6 10. Nd2 Rc8 11. Nc4 Nd4 12. Ne3 Be7 13. Bd3 O-O 14. O-O h6 15.
Bxf6 Bxf6 16. Ncd5 Bg5 17. c3 Nc6 18. Bc2 Bxe3 19. Nxe3 Ne7 20. Bb3 Qb6 21. Re1
Bxb3 22. Qxb3 Qxb3 23. axb3 f5 24. Rad1 Rc6 25. exf5 Nxf5 26. Nd5 Kf7 27. f4
exf4 28. Nxf4 g6 29. Rd3 g5 30. Nd5 Re8 31. Rf1 Kg6 32. Rdf3 Nh4 33. Rf7 Rc5
34. g4 Re6 35. Ne7+ Rxe7 36. R1f6# 1-0

[Event "I Festival A"]
[Site "Forni di Sopra ITA"]
[Date "2011.06.12"]
[Round "1"]
[White "Laco, Giuseppe"]
[Black "Lazic, Miroljub"]
[WhiteElo "2134"]
[BlackElo "2471"]
[Result "0-1"]
[PlyCount "58"]
[EventDate "2011.06.12"]

1. c4 e5 2. Nc3 Nc6 3. e3 Nf6 4. a3 d5 5. cxd5 Nxd5 6. Bb5 Nxc3 7. Bxc6+ bxc6
8. bxc3 Ba6 9. Ne2 Qd3 10. f3 Bc5 11. Ng3 f5 12. Qe2 Rb8 13. Qxd3 Bxd3 14. Ne2
Bd6 15. f4 O-O 16. g3 e4 17. Kf2 c5 18. Rg1 h5 19. h3 Kf7 20. h4 Ke6 21. Re1
Rb6 22. Ng1 Rfb8 23. Nh3 Rb1 24. Rxb1 Rxb1 25. Ng5+ Kd5 26. Nf7 Kc4 27. Ne5+
Kb3 28. Nxd3 exd3 29. a4 c4 0-1

[Event "I Festival A"]
[Site "Forni di Sopra ITA"]
[Date "2011.06.12"]
[Round "1"]
[White "Meszaros, Michal"]
[Black "Semeria, Marco"]
[WhiteElo "2414"]
[BlackElo "2052"]
[Result "1-0"]
[PlyCount "85"]
[EventDate "2011.06.12"]

1. e4 d5 2. exd5 Nf6 3. d4 Nxd5 4. Nf3 Bg4 5. c4 Nb6 6. Be2 e6 7. h3 Bxf3 8.
Bxf3 c6 9. Be2 Be7 10. Nc3 O-O 11. O-O N8d7 12. Bf4 Nf6 13. Qd3 Qd7 14. Rfd1
Rad8 15. Qg3 Kh8 16. Rab1 Nc8 17. c5 Nd5 18. Bb8 Bf6 19. Ne4 Nce7 20. Be5 Nf5
21. Qa3 Qe7 22. g3 Bxe5 23. dxe5 f6 24. exf6 gxf6 25. Bg4 Nh6 26. Bf3 Nf7 27.
Re1 Rg8 28. Bg2 Ne5 29. Nd6 Qg7 30. Re4 Rd7 31. Rbe1 Nc7 32. Qxa7 Nd3 33. Rg4
Qxg4 34. hxg4 Nxe1 35. Qxb7 Nxg2 36. Qxc6 Re7 37. Qf3 Nd5 38. Kxg2 Rb8 39. b3
Kg7 40. a3 Ra7 41. b4 Rba8 42. Nb5 Rb7 43. Nd4 1-0

[Event "I Festival A"]
[Site "Forni di Sopra ITA"]
[Date "2011.06.12"]
[Round "1"]
[White "Okhotnik, Vladimir"]
[Black "Vykydal, Frantisek"]
[WhiteElo "2486"]
[BlackElo "2166"]
[Result "1-0"]
[PlyCount "68"]
[EventDate "2011.06.12"]

1. Nf3 Nf6 2. d4 d6 3. Nc3 Nbd7 4. e4 e5 5. Bc4 h6 6. O-O Be7 7. a4 O-O 8. a5
exd4 9. Nxd4 Ne5 10. Ba2 c5 11. Nf5 Bxf5 12. exf5 Nc6 13. a6 b6 14. Nd5 Rc8 15.
c3 Nxd5 16. Bxd5 Bf6 17. Qg4 Ne7 18. Bb7 Kh7 19. Bxc8 Qxc8 20. Re1 d5 21. Bf4
Nc6 22. Qh3 Re8 23. Rxe8 Qxe8 24. Qd3 Qd7 25. Rd1 d4 26. Qe4 Qc8 27. g4 dxc3
28. bxc3 Bxc3 29. Rd6 Nd4 30. Qe7 Qa8 31. Rxh6+ Kg8 32. Rd6 Nf3+ 33. Kf1 Bf6
34. Qb7 Nxh2+ 1-0

[Event "I Festival A"]
[Site "Forni di Sopra ITA"]
[Date "2011.06.12"]
[Round "1"]
[White "Petkov, Vladimir"]
[Black "Brunello, Marina"]
[WhiteElo "2517"]
[BlackElo "2177"]
[Result "1-0"]
[PlyCount "89"]
[EventDate "2011.06.12"]

1. Nf3 Nf6 2. c4 e6 3. Nc3 d5 4. cxd5 exd5 5. d4 c6 6. Qc2 Be7 7. Bf4 O-O 8. e3
Nbd7 9. Bd3 Re8 10. g4 Nf8 11. h3 Be6 12. Kf1 Ng6 13. Ng5 Bd6 14. Ne2 Ne4 15.
Nxe6 Rxe6 16. Bxe4 dxe4 17. Bxd6 Qxd6 18. Ng3 Nh4 19. Ke2 Rae8 20. Rhd1 Qe7 21.
Nh5 Nf3 22. Qc5 Rd6 23. Rac1 b6 24. Qc3 Qg5 25. Qb3 Qh4 26. Qb4 Rh6 27. Rh1
Rxh5 28. gxh5 Qxh5 29. Kf1 a5 30. Qd6 Nd2+ 31. Kg2 Qf3+ 32. Kg1 h5 33. Qg3 Qf5
34. Rxc6 Qb5 35. Rd6 h4 36. Qf4 Qf1+ 37. Kh2 Qe2 38. Rxb6 Re6 39. Rxe6 fxe6 40.
Rc1 Nf3+ 41. Kg2 Ne1+ 42. Rxe1 Qxe1 43. Qxe4 Qb4 44. Qxe6+ Kh7 45. b3 1-0

[Event "I Festival A"]
[Site "Forni di Sopra ITA"]
[Date "2011.06.12"]
[Round "1"]
[White "Rotstein, Arkadij"]
[Black "Pepino, Enrico"]
[WhiteElo "2547"]
[BlackElo "2209"]
[Result "1-0"]
[PlyCount "63"]
[EventDate "2011.06.12"]

1. g3 g6 2. Bg2 Bg7 3. e4 c5 4. d3 Nc6 5. f4 d6 6. Nf3 e6 7. O-O Nge7 8. c3 b6
9. Be3 O-O 10. Na3 Ba6 11. Re1 Rc8 12. Bf2 Qd7 13. Qd2 Rfd8 14. Rad1 Bb7 15.
Nc2 Qc7 16. Qe2 a5 17. a4 Ba6 18. h4 d5 19. e5 Qb7 20. h5 b5 21. hxg6 hxg6 22.
Ne3 bxa4 23. Ng4 Kf8 24. Bxc5 Na7 25. Qf2 Nb5 26. d4 a3 27. Ng5 axb2 28. Qxb2
Rxc5 29. dxc5 Qc6 30. Qf2 Rc8 31. Nf6 Ng8 32. c4 1-0

[Event "I Festival A"]
[Site "Forni di Sopra ITA"]
[Date "2011.06.12"]
[Round "1"]
[White "Schmitz, Andreas Arnold"]
[Black "Piscopo, Pierluigi"]
[WhiteElo "2052"]
[BlackElo "2417"]
[Result "1/2-1/2"]
[PlyCount "165"]
[EventDate "2011.06.12"]

1. e4 e5 2. Nc3 Nf6 3. Bc4 Bb4 4. Nge2 O-O 5. O-O Nxe4 6. Nxe4 d5 7. Bb3 dxe4
8. Ng3 Nc6 9. a3 Be7 10. Nxe4 Kh8 11. Nc3 Nd4 12. Ba2 Bg5 13. d3 Bxc1 14. Rxc1
Qg5 15. Kh1 Bg4 16. f3 Bd7 17. f4 exf4 18. Qd2 Bc6 19. Ne4 Qh6 20. c3 f5 21.
cxd4 fxe4 22. d5 Bb5 23. Bc4 e3 24. Qe2 Bd7 25. Bb3 Qd6 26. h3 Rae8 27. d4 Bf5
28. Bc2 Bxc2 29. Rxc2 Rf5 30. Qb5 Ref8 31. Qxb7 f3 32. Rxf3 Rxf3 33. gxf3 Qg3
34. Qxc7 Qxh3+ 35. Kg1 Qxf3 36. Qc4 Qd1+ 37. Kg2 Qg4+ 38. Kh1 Qh3+ 39. Kg1 Qg4+
40. Kh1 Qh4+ 41. Kg1 Qe1+ 42. Kg2 h5 43. d6 h4 44. Qb5 Qg3+ 45. Kh1 Qf3+ 46.
Kh2 Qf4+ 47. Kg1 Qxd4 48. Qc4 Qxc4 49. Rxc4 e2 50. Rc1 Rd8 51. Kf2 Rxd6 52.
Kxe2 Rf6 53. b4 Kh7 54. b5 Rf4 55. Rc3 Kh6 56. Rc6+ g6 57. Ke3 Rf5 58. a4 h3
59. Rc2 g5 60. Rf2 Rc5 61. Kf3 Kh5 62. Rb2 Rc4 63. a5 Kh4 64. b6 axb6 65. axb6
g4+ 66. Ke3 Rc3+ 67. Ke4 Rc8 68. b7 Re8+ 69. Kf4 Rf8+ 70. Ke3 Rb8 71. Kf4 g3
72. Rb4 g2 73. Kf3+ Kh5 74. Rb5+ Kh6 75. Rb6+ Kg7 76. Rb1 Kf6 77. Kf2 Ke5 78.
Kg1 Kd6 79. Rb3 Kc7 80. Rxh3 Rxb7 81. Rh7+ Kc6 82. Rxb7 Kxb7 83. Kxg2 1/2-1/2

[Event "I Festival A"]
[Site "Forni di Sopra ITA"]
[Date "2011.06.12"]
[Round "1"]
[White "Sipos, Istvan"]
[Black "Pastir, Stanislav"]
[WhiteElo "2423"]
[BlackElo "2059"]
[Result "1-0"]
[PlyCount "61"]
[EventDate "2011.06.12"]

1. c4 Nf6 2. Nc3 e6 3. e4 d6 4. d4 Nbd7 5. Nf3 e5 6. Be2 Be7 7. O-O O-O 8. Qc2
c6 9. Rd1 Qc7 10. Bg5 Re8 11. Rac1 Nf8 12. h3 b6 13. d5 c5 14. a3 h6 15. Be3
N6h7 16. b4 Bg5 17. Nxg5 hxg5 18. Qd2 Qe7 19. Bf1 Ng6 20. Rb1 Nh4 21. Qe2 Qf6
22. Rb2 g6 23. Rd3 Kg7 24. Bc1 g4 25. hxg4 Ng5 26. Qe3 Qf4 27. Qxf4 exf4 28. f3
f6 29. Bxf4 Nf7 30. bxc5 dxc5 31. Nb5 1-0

[Event "I Festival A"]
[Site "Forni di Sopra ITA"]
[Date "2011.06.12"]
[Round "1"]
[White "Sorbera, Giovanni"]
[Black "Naumkin, Igor"]
[WhiteElo "2167"]
[BlackElo "2506"]
[Result "1/2-1/2"]
[PlyCount "133"]
[EventDate "2011.06.12"]

1. e4 e5 2. Nf3 Nc6 3. Bb5 a6 4. Bxc6 dxc6 5. d3 f6 6. Nbd2 c5 7. O-O Ne7 8.
Re1 Ng6 9. b3 Be6 10. Nf1 Qd7 11. Be3 Rd8 12. Kh1 Be7 13. Qd2 O-O 14. Ng3 Kh8
15. a4 Bd6 16. Qc3 Bg4 17. Ng1 Qc6 18. f3 Bc8 19. Rad1 Rf7 20. Nf5 Nf8 21. Ne2
Ne6 22. Qd2 Bf8 23. g4 b6 24. Rg1 Bb7 25. Qe1 Nd4 26. Bxd4 cxd4 27. Qd2 g6 28.
Nfg3 a5 29. Rdf1 Bb4 30. Qc1 b5 31. axb5 Qxb5 32. h4 a4 33. bxa4 Qxa4 34. h5 g5
35. Qb2 c5 36. Nf5 Rc7 37. Kg2 Bc8 38. Ra1 Qc6 39. Rgd1 Be6 40. Rf1 Rb7 41.
Rab1 Rdb8 42. Qa1 Qc7 43. Qa6 Rb6 44. Qa4 c4 45. Rb2 Qb7 46. Ra1 Kg8 47. Kf1
Bd7 48. Qa2 Kf8 49. dxc4 Be6 50. Rab1 Qc7 51. Qa4 Bd7 52. Qa2 Be8 53. Nc1 Bf7
54. Nd3 Bxc4 55. Qa4 Be7 56. Rxb6 Rxb6 57. Rxb6 Bxd3+ 58. cxd3 Qxb6 59. Qa8+
Bd8 60. Qd5 Be7 61. Qd7 Qc5 62. Kg2 Qa3 63. Qe6 Qc5 64. Nh6 Kg7 65. Ng8 Qc2+
66. Kg3 Qc1 67. Qxe7+ 1/2-1/2

[Event "I Festival A"]
[Site "Forni di Sopra ITA"]
[Date "2011.06.12"]
[Round "1"]
[White "Stopa, Jacek"]
[Black "Hansson, Hakan"]
[WhiteElo "2460"]
[BlackElo "2109"]
[Result "1-0"]
[PlyCount "81"]
[EventDate "2011.06.12"]

1. Nf3 Nf6 2. c4 g6 3. Nc3 d5 4. d4 c6 5. Bg5 Bg7 6. Qb3 dxc4 7. Qxc4 O-O 8. e4
Qa5 9. b4 Qb6 10. Rb1 Be6 11. Qd3 Na6 12. a3 Rad8 13. Qc2 Bg4 14. Na4 Qc7 15.
Rd1 Bxf3 16. gxf3 Nb8 17. Nc5 Nbd7 18. Nb3 Qb6 19. Be3 Qc7 20. Be2 Rc8 21. f4
Rfd8 22. h4 Nf8 23. h5 Ne6 24. hxg6 hxg6 25. Rh4 Nh7 26. e5 Nhf8 27. Bc4 b5 28.
Bd3 f5 29. exf6 Bxf6 30. Rg4 Nxd4 31. Nxd4 Bxd4 32. Bxg6 Bg7 33. Qb3+ e6 34.
Bd3 Qf7 35. Ke2 Rc7 36. Bh7+ Kxh7 37. Rxd8 Qh5 38. Qb1+ Ng6 39. f3 Bf6 40. Rd1
Kg7 41. Rdg1 1-0

[Event "I Festival A"]
[Site "Forni di Sopra ITA"]
[Date "2011.06.12"]
[Round "1"]
[White "Varini, Massimo"]
[Black "Arnaudov, G. Petar"]
[WhiteElo "2084"]
[BlackElo "2449"]
[Result "0-1"]
[PlyCount "122"]
[EventDate "2011.06.12"]

1. d4 Nf6 2. c4 Nc6 3. Nc3 e5 4. e3 Bb4 5. Nge2 exd4 6. Nxd4 O-O 7. Be2 Qe7 8.
O-O Bxc3 9. bxc3 d6 10. Rb1 Ne5 11. Qc2 c5 12. Nf5 Qe6 13. e4 Nxe4 14. Nxg7 Qg6
15. Nh5 Bf5 16. Nf4 Qg7 17. Nh5 Ng3 18. Qxf5 Nxe2+ 19. Kh1 Qg6 20. Qh3 Qxb1 21.
Nf6+ Kh8 22. f4 Qd3 23. g3 Ng4 24. Nxg4 Qe4+ 25. Qg2 Qxg2+ 26. Kxg2 Nxc1 27.
Rxc1 Rae8 28. Kf3 f5 29. Ne3 Re6 30. Rd1 Kg8 31. Rd5 Ref6 32. h3 h5 33. Rd2
R8f7 34. Rd5 Kf8 35. a4 Ke8 36. a5 Kd7 37. Rd2 Kc6 38. Nd5 Re6 39. Ne3 Rf8 40.
Rd5 Ref6 41. Ng2 Re8 42. Ne3 Re4 43. g4 hxg4+ 44. hxg4 Rxc4 45. Rxf5 Rxf5 46.
Nxc4 Rf8 47. g5 d5 48. Ne5+ Kd6 49. Kg4 c4 50. Nf3 b5 51. axb6 a5 52. Nd4 a4
53. g6 a3 54. Kg5 a2 55. Nc2 Ke7 56. b7 Rb8 57. f5 Rxb7 58. f6+ Kf8 59. Kf5 Rb2
60. Nd4 Rf2+ 61. Ke6 a1=Q 0-1

[Event "I Festival A"]
[Site "Forni di Sopra ITA"]
[Date "2011.06.13"]
[Round "2"]
[White "Arnaudov, G. Petar"]
[Black "Antoniewski, Rafal"]
[WhiteElo "2449"]
[BlackElo "2598"]
[Result "1/2-1/2"]
[PlyCount "36"]
[EventDate "2011.06.12"]

1. d4 d6 2. Nf3 g6 3. c4 Bg7 4. Nc3 Nc6 5. d5 Ne5 6. Nxe5 Bxe5 7. e4 Nf6 8. Qd3
Nh5 9. Be3 O-O 10. g3 f5 11. exf5 Bxf5 12. Qd2 Qc8 13. Bd4 Bxd4 14. Qxd4 Bg4
15. Bg2 e5 16. dxe6 Qxe6+ 17. Qe4 Qxe4+ 18. Nxe4 Rae8 1/2-1/2

[Event "I Festival A"]
[Site "Forni di Sopra ITA"]
[Date "2011.06.13"]
[Round "2"]
[White "Barletta, Mauro"]
[Black "Varini, Massimo"]
[WhiteElo "2265"]
[BlackElo "2084"]
[Result "1-0"]
[PlyCount "95"]
[EventDate "2011.06.12"]

1. d4 Nf6 2. Nc3 d6 3. e4 e5 4. dxe5 dxe5 5. Qxd8+ Kxd8 6. Bg5 Nbd7 7. O-O-O
Bd6 8. g3 Ke8 9. Bh3 a6 10. f4 h6 11. fxe5 Bxe5 12. Bf4 Bxc3 13. bxc3 Nxe4 14.
Re1 Ndc5 15. Bg2 f5 16. Bxc7 Be6 17. Ne2 g6 18. Nf4 Kf7 19. Nxe6 Kxe6 20. Bb6
Kf7 21. g4 Rhe8 22. gxf5 gxf5 23. Rhf1 Kg6 24. Bh3 Rf8 25. Bxc5 Nxc5 26. Re5 b6
27. Rg1+ Kf6 28. Rxf5+ Ke7 29. Rg7+ Kd6 30. Rg6+ Kc7 31. Rxh6 Rxf5 32. Bxf5 Rf8
33. Bd3 Rf2 34. h4 Rh2 35. Bc4 a5 36. Bd5 Na4 37. h5 Nc5 38. Rc6+ Kd7 39. h6
Rh5 40. Bf3 Rh2 41. Rxb6 Ke7 42. Rc6 Nd7 43. Ra6 a4 44. Kb2 Ne5 45. Bd5 Nd3+
46. Ka3 Rxc2 47. Rc6 Ne5 48. Re6+ 1-0

[Event "I Festival A"]
[Site "Forni di Sopra ITA"]
[Date "2011.06.13"]
[Round "2"]
[White "Basso, Pier Luigi"]
[Black "Gaponenko, Inna"]
[WhiteElo "2028"]
[BlackElo "2455"]
[Result "0-1"]
[PlyCount "60"]
[EventDate "2011.06.12"]

1. e4 c5 2. Nf3 d6 3. d4 cxd4 4. Nxd4 Nf6 5. Nc3 g6 6. f4 Nc6 7. Nxc6 bxc6 8.
e5 Nd7 9. exd6 exd6 10. Be2 Be7 11. O-O O-O 12. b3 Bf6 13. Bb2 Nc5 14. Kh1 d5
15. b4 d4 16. bxc5 dxc3 17. Bc1 Bf5 18. Rb1 Qe7 19. Bd3 Rad8 20. Rb3 Rd5 21.
Qf3 Bxd3 22. cxd3 Rfd8 23. Ba3 Rxd3 24. Qxc6 Qe2 25. Rbb1 Rd1 26. Qf3 c2 27.
Rc1 Qxf1+ 28. Qxf1 Rxf1+ 29. Rxf1 Rd1 30. Rg1 Bd4 0-1

[Event "I Festival A"]
[Site "Forni di Sopra ITA"]
[Date "2011.06.13"]
[Round "2"]
[White "Bruno, Fabio"]
[Black "Codenotti, Marco"]
[WhiteElo "2459"]
[BlackElo "2284"]
[Result "1/2-1/2"]
[PlyCount "50"]
[EventDate "2011.06.12"]

1. Nf3 Nf6 2. c4 g6 3. Nc3 d5 4. cxd5 Nxd5 5. Qa4+ Bd7 6. Qb3 Nb6 7. d4 Be6 8.
Qd1 Bg7 9. e4 O-O 10. h3 Kh8 11. Be2 f5 12. e5 Bg8 13. h4 c5 14. h5 gxh5 15.
Bf4 Nc6 16. dxc5 Nd7 17. Rxh5 Ndxe5 18. Bh6 Bxh6 19. Rxh6 Qxd1+ 20. Rxd1 Rad8
21. Nxe5 Nxe5 22. Rh4 Rxd1+ 23. Kxd1 Rd8+ 24. Kc1 Rc8 25. Rb4 Rc7 1/2-1/2

[Event "I Festival A"]
[Site "Forni di Sopra ITA"]
[Date "2011.06.13"]
[Round "2"]
[White "Capaliku, Aleks"]
[Black "Nikolova, Adriana"]
[WhiteElo "2071"]
[BlackElo "2333"]
[Result "1/2-1/2"]
[PlyCount "97"]
[EventDate "2011.06.12"]

1. f4 d5 2. Nf3 g6 3. e3 Bg7 4. d4 Nh6 5. Bd3 O-O 6. O-O c5 7. c3 Qc7 8. Qe2
Bf5 9. dxc5 Qxc5 10. Nd4 Bxd3 11. Qxd3 Nd7 12. Nd2 a6 13. N2f3 Ng4 14. h3 Ngf6
15. b3 Rac8 16. Bb2 Qd6 17. Rfc1 Rfe8 18. c4 e5 19. fxe5 Nxe5 20. Nxe5 Qxe5 21.
Re1 dxc4 22. bxc4 Bh6 23. Bc1 Ne4 24. Rb1 Qg3 25. Re2 Bf4 26. Nf3 Red8 27. Qb3
Bb8 28. Bb2 Rd7 29. Bd4 Rcd8 30. Rf1 Re8 31. Qb2 h6 32. c5 Kh7 33. Rc2 Re6 34.
a4 f5 35. Qa2 Rde7 36. Qd5 Ng5 37. Qd8 Re8 38. Qd5 Nxh3+ 39. Kh1 Ng5 40. Qxb7+
R6e7 41. Qxa6 Re4 42. Kg1 Rh4 43. Qb7+ Bc7 44. Qxc7+ Qxc7 45. Nxh4 Qc6 46. Rb2
Ne6 47. Rb6 Qxa4 48. Rb7+ Kg8 49. Ra1 1/2-1/2